MESTSKÁ KNIŽNICA GIRALTOVCE  - online katalóg 

Stopy dávnej minulosti (Record no. 23221)

000 -NÁVESTIE
fixed length control field 01801nam a2200469 4500
001 - EVIDENČNÉ ČÍSLO ZÁZNAMU - Kontrolné číslo
control field vtls011789089
005 - DÁTUM A ČAS POSLEDNEJ TRANSAKCIE
control field 20220427112914.0
008 - ÚDAJE S PEVNOU DĹŽKOU – VŠEOBECNÉ INFORMÁCIE
fixed length control field 181106s2018 xo oa g 001 0 slo
020 ## - MEDZINÁRODNÉ ŠTANDARDNÉ ČÍSLO KNIHY (ISBN)
Medzinárodné štandardné číslo knihy (ISBN) 9788085501704
Qualifying information (viazané)
040 ## - ZDROJ KATALOGIZÁCIE
Pôvodná katalogizujúca agentúra SVKBB
Jazyk katalogizácie slo
Prepisujúca agentúra SVKBB
Konvencie popisu rda
041 0# - KÓD JAZYKA
Kód jazyka textu/zvukovej stopy alebo samostatných nápisov slo
044 ## - KÓD KRAJINY VYDAVATEĽA/PRODUCENTA
Kód krajiny MARC xo
Kód krajiny ISO SK
072 #7 - KÓD PREDMETOVEJ KATEGÓRIE
Kód predmetovej kategórie 94(437.6)
Pododdiel kódu predmetovej kategórie Dejiny Slovenskej republiky
Zdroj konspekt
080 ## - ČÍSLO MEDZINÁRODNÉHO DESATINNÉHO TRIEDENIA (MDT)
Číslo Medzinárodného desatinného triedenia (MDT) 94"04/14"
Identifikátor vydania 2011
080 ## - ČÍSLO MEDZINÁRODNÉHO DESATINNÉHO TRIEDENIA (MDT)
Číslo Medzinárodného desatinného triedenia (MDT) 94"1492/1789"
Identifikátor vydania 2011
080 ## - ČÍSLO MEDZINÁRODNÉHO DESATINNÉHO TRIEDENIA (MDT)
Číslo Medzinárodného desatinného triedenia (MDT) 94(430/439)
Identifikátor vydania 2011
080 ## - ČÍSLO MEDZINÁRODNÉHO DESATINNÉHO TRIEDENIA (MDT)
Číslo Medzinárodného desatinného triedenia (MDT) 94(437.6)
Identifikátor vydania 2011
080 ## - ČÍSLO MEDZINÁRODNÉHO DESATINNÉHO TRIEDENIA (MDT)
Číslo Medzinárodného desatinného triedenia (MDT) (048.8)
Identifikátor vydania 2011
100 1# - OSOBNÉ MENÁ – VŠEOBECNÉ INFORMÁCIE
Osobné meno Dvořák, Pavel,
Dátumy súvisiace s menom 1937-2018
Kód roly aut
-- 2979
245 10 - NÁZOV
Názov Stopy dávnej minulosti
Zvyšok názvu dejiny Slovenska v príbehoch a desiatich zväzkoch
Číslo časti diela 9
Názov časti diela Posledný Turek. Stavovské povstanie a koniec osmanských vojen
Údaj o zodpovednosti atď. Pavel Dvořák ; photography Pavel Dvořík mladší, Jakub Dvořák
246 30 - INÁ FORMA NÁZVU
Hlavný názov/skrátený názov Posledný Turek
246 30 - INÁ FORMA NÁZVU
Hlavný názov/skrátený názov Stavovské povstanie a koniec osmanských vojen
250 ## - ÚDAJ O PORADÍ VYDANIA
Údaj o poradí vydania Vydanie prvé
260 ## - VYDAVATEĽSKÉ ÚDAJE, DISTRIBÚCIA ATĎ.
Miesto publikovania, distribúcie atď. Budmerice
Názov vydavateľa, distibútora atď. Rak
Dátum publikovania, distribúcie atď. 2018
300 ## - FYZICKÝ POPIS
Rozsah 263 strán
Ďalšie fyzické detaily fotografie (niektoré farebné), ilustrácie
Rozmery 26 cm
490 1# - EDÍCIA
Edícia Stopy dávnej minulosti
648 #7 - PRIDANÝ VSTUP – PREDMET – CHRONOLOGICKÝ TERMÍN
Chronologický termín 14.-16. storočie
Zdroj hesla alebo termínu SNKPH
-- 2980
648 #7 - PRIDANÝ VSTUP – PREDMET – CHRONOLOGICKÝ TERMÍN
Chronologický termín 14th-16th ceturies
Zdroj hesla alebo termínu SNKPHeng
-- 2981
650 07 - PRIDANÝ VSTUP – PREDMET – TEMATICKÉ HESLO
Tematické heslo alebo geografický názov ako vstupný prvok turecké vojny
Zdroj hesla alebo termínu SNKPH
-- 2982
650 07 - PRIDANÝ VSTUP – PREDMET – TEMATICKÉ HESLO
Tematické heslo alebo geografický názov ako vstupný prvok stredovek
Zdroj hesla alebo termínu SNKPH
-- 2983
650 07 - PRIDANÝ VSTUP – PREDMET – TEMATICKÉ HESLO
Tematické heslo alebo geografický názov ako vstupný prvok raný novovek
Zdroj hesla alebo termínu SNKPH
-- 2984
650 07 - PRIDANÝ VSTUP – PREDMET – TEMATICKÉ HESLO
Tematické heslo alebo geografický názov ako vstupný prvok Middle ages
Zdroj hesla alebo termínu SNKPHeng
-- 2985
651 #7 - PRIDANÝ VSTUP – PREDMET – GEOGRAFICKÝ NÁZOV
Geografický názov Uhorsko
Všeobecný pododdiel dejiny
Zdroj hesla alebo termínu SNKPHgeo
-- 2986
651 #7 - PRIDANÝ VSTUP – PREDMET – GEOGRAFICKÝ NÁZOV
Geografický názov Slovensko
Všeobecný pododdiel dejiny
Zdroj hesla alebo termínu SNKPHgeo
-- 1981
651 #7 - PRIDANÝ VSTUP – PREDMET – GEOGRAFICKÝ NÁZOV
Geografický názov Hungary
Všeobecný pododdiel history
Zdroj hesla alebo termínu SNKPHeng
-- 2987
651 #7 - PRIDANÝ VSTUP – PREDMET – GEOGRAFICKÝ NÁZOV
Geografický názov Slovakia
Všeobecný pododdiel history
Zdroj hesla alebo termínu SNKPHeng
-- 2322
655 #7 - INDEXAČNÝ TERMÍN – ŽÁNER/FORMA
Údaje o žánri/forme alebo termín, ktorý je prvok fazety monografie
Zdroj termínu SNKPH
-- 1661
655 #7 - INDEXAČNÝ TERMÍN – ŽÁNER/FORMA
Údaje o žánri/forme alebo termín, ktorý je prvok fazety Monographs
Zdroj termínu SNKPHeng
-- 1662
700 1# - PRIDANÝ VSTUP – OSOBNÉ MENO
Osobné meno Dvořák, Pavel,
Tituly a iné slová súvisiace s menom ml.
Kód roly pht
-- 2988
700 1# - PRIDANÝ VSTUP – OSOBNÉ MENO
Osobné meno Dvořák, Jakub,
Dátumy súvisiace s menom 1970-2017
Kód roly pht
-- 2989
Holdings
Stav stiahnutia (Blokovanie) (Withrawn status) Stav straty Zdroj klasifikácie pre skladovanie Stav poškodenia (Damaged status) Nie pre výpožičky (Not for loan) Spôsob nadobudnutia (Collection code) Trvalé umiestnenie Aktuálne umiestnenie Dátum nadobudnutia Náklady, bežná kúpna cena Inventárne číslo (prírastkové číslo) Full call number Čiarový kód Dátum posledného výskytu Cena s účinnosťou od Typ jednotky Koha
          Kúpa Mestská knižnica Giraltovce Mestská knižnica Giraltovce 2019-11-29 17.00 21175 I1838 I1838 2022-04-27 2022-04-27 Odborná literatúra pre dospelých

Powered by Koha